|
|
|
|
| LEADER |
03351nam a22006015i 4500 |
| 001 |
978-3-540-72794-1 |
| 003 |
DE-He213 |
| 005 |
20151204144540.0 |
| 007 |
cr nn 008mamaa |
| 008 |
100301s2007 gw | s |||| 0|eng d |
| 020 |
|
|
|a 9783540727941
|9 978-3-540-72794-1
|
| 024 |
7 |
|
|a 10.1007/978-3-540-72794-1
|2 doi
|
| 040 |
|
|
|d GrThAP
|
| 050 |
|
4 |
|a QA76.7-76.73
|
| 050 |
|
4 |
|a QA76.76.C65
|
| 072 |
|
7 |
|a UMX
|2 bicssc
|
| 072 |
|
7 |
|a UMC
|2 bicssc
|
| 072 |
|
7 |
|a COM051010
|2 bisacsh
|
| 072 |
|
7 |
|a COM010000
|2 bisacsh
|
| 082 |
0 |
4 |
|a 005.13
|2 23
|
| 245 |
1 |
0 |
|a Coordination Models and Languages
|h [electronic resource] :
|b 9th International Conference, COORDINATION 2007, Paphos, Cyprus, June 6-8, 2007. Proceedings /
|c edited by Amy L. Murphy, Jan Vitek.
|
| 264 |
|
1 |
|a Berlin, Heidelberg :
|b Springer Berlin Heidelberg,
|c 2007.
|
| 300 |
|
|
|a X, 325 p.
|b online resource.
|
| 336 |
|
|
|a text
|b txt
|2 rdacontent
|
| 337 |
|
|
|a computer
|b c
|2 rdamedia
|
| 338 |
|
|
|a online resource
|b cr
|2 rdacarrier
|
| 347 |
|
|
|a text file
|b PDF
|2 rda
|
| 490 |
1 |
|
|a Lecture Notes in Computer Science,
|x 0302-9743 ;
|v 4467
|
| 505 |
0 |
|
|a Session 1. Middleware -- A Coordination Model for Triplespace Computing -- Requirements for Routing in the Application Layer -- Context-Aware Publish Subscribe in Mobile Ad Hoc Networks -- Session 2. Logic Programming -- A Prolog-Based Language for Workflow Programming -- Reactors: A Data-Oriented Synchronous/Asynchronous Programming Model for Distributed Applications -- Session 3. Formal Approaches -- A Theory for Strong Service Compliance -- Towards a Theory of Refinement in Timed Coordination Languages -- A Calculus for Mobile Ad Hoc Networks -- Session 4. Concurrency -- A Theory of Nested Speculative Execution -- Actors That Unify Threads and Events -- Generalized Committed Choice -- Session 5. Components and Services I -- Combining Formal Methods and Aspects for Specifying and Enforcing Architectural Invariants -- Session 6. Manet -- Object-Oriented Coordination in Mobile Ad Hoc Networks -- Coordinating Workflow Allocation and Execution in Mobile Environments -- Fact Spaces: Coordination in the Face of Disconnection -- Session 7. Components and Services II -- Component Connectors with QoS Guarantees -- Context-Based Adaptation of Component Behavioural Interfaces.
|
| 650 |
|
0 |
|a Computer science.
|
| 650 |
|
0 |
|a Special purpose computers.
|
| 650 |
|
0 |
|a Architecture, Computer.
|
| 650 |
|
0 |
|a Computer programming.
|
| 650 |
|
0 |
|a Software engineering.
|
| 650 |
|
0 |
|a Programming languages (Electronic computers).
|
| 650 |
|
0 |
|a Computers.
|
| 650 |
1 |
4 |
|a Computer Science.
|
| 650 |
2 |
4 |
|a Programming Languages, Compilers, Interpreters.
|
| 650 |
2 |
4 |
|a Computer System Implementation.
|
| 650 |
2 |
4 |
|a Software Engineering.
|
| 650 |
2 |
4 |
|a Special Purpose and Application-Based Systems.
|
| 650 |
2 |
4 |
|a Programming Techniques.
|
| 650 |
2 |
4 |
|a Computation by Abstract Devices.
|
| 700 |
1 |
|
|a Murphy, Amy L.
|e editor.
|
| 700 |
1 |
|
|a Vitek, Jan.
|e editor.
|
| 710 |
2 |
|
|a SpringerLink (Online service)
|
| 773 |
0 |
|
|t Springer eBooks
|
| 776 |
0 |
8 |
|i Printed edition:
|z 9783540727934
|
| 830 |
|
0 |
|a Lecture Notes in Computer Science,
|x 0302-9743 ;
|v 4467
|
| 856 |
4 |
0 |
|u http://dx.doi.org/10.1007/978-3-540-72794-1
|z Full Text via HEAL-Link
|
| 912 |
|
|
|a ZDB-2-SCS
|
| 912 |
|
|
|a ZDB-2-LNC
|
| 950 |
|
|
|a Computer Science (Springer-11645)
|